|
|
|
|
| LEADER |
01454nam a2200409Ia 4500 |
| 001 |
EBC235106 |
| 003 |
MiAaPQ |
| 005 |
20200520144314.0 |
| 006 |
m o d | |
| 007 |
cr cn||||||||| |
| 008 |
010723s2002 enk sb 001 0 eng d |
| 010 |
|
|
|z 2001048178
|
| 020 |
|
|
|z 0415270421
|
| 020 |
|
|
|z 041527043X (pbk.)
|
| 035 |
|
|
|a (MiAaPQ)EBC235106
|
| 035 |
|
|
|a (Au-PeEL)EBL235106
|
| 035 |
|
|
|a (CaPaEBR)ebr10016909
|
| 035 |
|
|
|a (CaONFJC)MIL10714
|
| 035 |
|
|
|a (OCoLC)936903851
|
| 040 |
|
|
|a MiAaPQ
|c MiAaPQ
|d MiAaPQ
|
| 050 |
|
4 |
|a HC79.C6
|b C493 2002
|
| 082 |
0 |
4 |
|a 658.8/3
|2 21
|
| 245 |
0 |
4 |
|a The changing consumer
|h [electronic resource] :
|b markets and meanings /
|c edited by Steven Miles, Alison Anderson, and Kevin Meethan.
|
| 260 |
|
|
|a London :
|b Routledge,
|c 2002.
|
| 300 |
|
|
|a viii, 168 p.
|
| 490 |
1 |
|
|a Studies in consumption and markets
|
| 504 |
|
|
|a Includes bibliographical references and index.
|
| 533 |
|
|
|a Electronic reproduction. Ann Arbor, MI : ProQuest, 2015. Available via World Wide Web. Access may be limited to ProQuest affiliated libraries.
|
| 650 |
|
0 |
|a Consumption (Economics)
|
| 650 |
|
0 |
|a Consumers.
|
| 655 |
|
4 |
|a Electronic books.
|
| 700 |
1 |
|
|a Miles, Steven.
|
| 700 |
1 |
|
|a Anderson, Alison.
|
| 700 |
1 |
|
|a Meethan, Kevin.
|
| 710 |
2 |
|
|a ProQuest (Firm)
|
| 830 |
|
0 |
|a Studies in consumption and markets.
|
| 856 |
4 |
0 |
|u https://ebookcentral.proquest.com/lib/matrademy/detail.action?docID=235106
|z Click to View
|